LEADER 01463nam--2200421---450- 001 990001696220203316 005 20090429173044.0 035 $a000169622 035 $aUSA01000169622 035 $a(ALEPH)000169622USA01 035 $a000169622 100 $a20040525d1969----km-y0itay0103----ba 101 0 $ager 102 $aDE 105 $a||||||||001yy 200 1 $aGesammelte Aufsätze aus den Jahrbuchern fur die Dogmatik des heutigen römischen und deutschen Privatrechts$fRudolf von Jhering 205 $aRist. anast. 210 $aAalen$cScientia$d1969 215 $a3 v.$d21 cm 300 $aRipr. facs. dell'ed.: Jena, 1881-1886 327 1 $a<1.>: VII, 490 p.; <2.>: XII, 452 p.; <3.>: VI, 464 p. 410 0$12001 454 1$12001 461 1$1001-------$12001 700 1$aJHERING,$bRudolf : von$0277497 801 0$aIT$bsalbc$gISBD 912 $a990001696220203316 951 $aXXIX.1.B 1/1a (IX A 314 (1)$b45117 L.M.$cIX A 951 $aXXIX.1.B 1/2a (IX A 314 (2)$b45118 L.M.$cIX A 951 $aXXIX.1.B 1/3a (IX A 314 (3)$b45119 L.M.$cIX A 959 $aBK 969 $aGIU 979 $aSIAVER$b90$c20040525$lUSA01$h1425 979 $aRSIAV1$b90$c20090310$lUSA01$h1348 979 $aRSIAV1$b90$c20090429$lUSA01$h1728 979 $aRSIAV1$b90$c20090429$lUSA01$h1730 996 $aGesammelte Aufsätze aus den Jahrbuchern fur die Dogmatik des heutigen römischen und deutschen Privatrechts$9948288 997 $aUNISA LEADER 01494 am 22003853u 450 001 9910149671903321 005 20181203 024 7 $a10.15460/HUP.88 035 $a(CKB)3790000000064196 035 $a(OAPEN)1002398 035 $a(NjHacI)993790000000064196 035 $a(EXLCZ)993790000000064196 100 $a20181203d|||| uy 101 0 $ager 135 $auuuuu---auuuu 181 $ctxt$2rdacontent 182 $cc$2rdamedia 183 $acr$2rdacarrier 200 10$aAuszeichnung und Aufforderung. Zur Verleihung der Ehrendoktorwürde der Universität Hamburg an Prof. Dr. h. c. Dr. h. c. Manfred Lahnstein am 31. März 2008 210 $aHamburg$cHamburg University Press$d2009 215 $a1 online resource (68) 225 1 $aHamburger Universita?tsreden ;$vNeue Folge 15 311 $a3-937816-58-5 330 $aThis volume documents speeches given on the occasion of the award of an honorary doctorate by the University of Hamburg to Prof. Dr. h. c. Dr. h. c. Manfred Lahnstein. 410 0$aHamburger Universita?tsreden ;$vNeue Folge 15. 606 $aUniversities$2bicssc 615 7$aUniversities 676 $a808.51 702 $aLu?de$b Rolf v. 801 0$bNjHacI 801 1$bNjHacl 906 $aBOOK 912 $a9910149671903321 996 $aAuszeichnung und Aufforderung. Zur Verleihung der Ehrendoktorwürde der Universität Hamburg an Prof. Dr. h. c. Dr. h. c. Manfred Lahnstein am 31. März 2008$92132080 997 $aUNINA LEADER 03167aam 2200589I 450 001 9910714160103321 005 20151026040613.0 024 8 $aGOVPUB-C13-88d8bc5dc6d97fb0e3b7f5b39b5f6950 035 $a(CKB)4330000001260973 035 $a(OCoLC)926748671 035 $a(OCoLC)945735777 035 $a(EXLCZ)994330000001260973 100 $a20151026d1997 ua 0 101 0 $aeng 135 $aur||||||||||| 181 $2rdacontent 182 $2rdamedia 183 $2rdacarrier 200 10$aStandard reference materials $eglass fiberboard SRM 1450c, for thermal resistance from 280 K to 340 K /$fRobert R. Zarr 210 1$aGaithersburg, MD :$cU.S. Dept. of Commerce, National Institute of Standards and Technology,$d1997. 215 $a1 online resource 225 1 $aNIST special publication ;$v260-130 300 $a1997. 300 $aContributed record: Metadata reviewed, not verified. Some fields updated by batch processes. 300 $aTitle from PDF title page. 320 $aIncludes bibliographical references. 327 $aAbout NIST SRMs -- Ordering policies and pricing -- Registration and surveys -- SRM order request system -- Using the online catalog -- SRM exhibits -- SRM definitions -- Publications (SP260s) -- Archived SRM certificates/reports of investigation -- New SRM/RMs -- Standard reference instruments. 330 $aNIST supports accurate and compatible measurements by certifying and providing over 1300 Standard Reference Materials® with well-characterized composition or properties, or both. These materials are used to perform instrument calibrations in units as part of overall quality assurance programs, to verify the accuracy of specific measurements and to support the development of new measurement methods. NIST supports accurate and compatible measurements by certifying and providing over 1300 Standard Reference Materials® with well-characterized composition or properties, or both. These materials are used to perform instrument calibrations in units as part of overall quality assurance programs, to verify the accuracy of specific measurements and to support the development of new measurement methods. 517 $aStandard Reference Materials 606 $aMaterials$xStandards$zUnited States 606 $aWeights and measures$zUnited States 606 $aScientific apparatus and instruments$zUnited States 606 $aScientific apparatus and instruments$2fast 606 $aMaterials$xStandards$2fast 606 $aWeights and measures$2fast 607 $aUnited States$2fast 615 0$aMaterials$xStandards 615 0$aWeights and measures 615 0$aScientific apparatus and instruments 615 7$aScientific apparatus and instruments. 615 7$aMaterials$xStandards. 615 7$aWeights and measures. 700 $aZarr$b Robert R$01393349 701 $aZarr$b Robert R$01393349 712 02$aNational Institute of Standards and Technology (U.S.) 801 0$bNBS 801 1$bNBS 801 2$bGPO 906 $aBOOK 912 $a9910714160103321 996 $aStandard reference materials$93466127 997 $aUNINA